Proceedings of the International conference on optimization, computing and business analytics 2012 : (Record no. 77638)

MARC details
000 -LEADER
fixed length control field 00814nam a22002177a 4500
005 - DATE AND TIME OF LATEST TRANSACTION
control field 20131008103742.0
010 ## - LCCN (DPL NO)
LC control number ENG-108073
020 ## - INTERNATIONAL STANDARD BOOK NUMBER
International Standard Book Number 9788184248142
Terms of availability 750.00
035 ## - SYSTEM CONTROL NUMBER
System control number EN-91606
037 ## - SOURCE OF ACQUISITION
Source of stock number/acquisition DBAD/PUB
082 ## - DEWEY DECIMAL CLASSIFICATION NUMBER
Classification number 005.7565
245 ## - TITLE STATEMENT
Title Proceedings of the International conference on optimization, computing and business analytics 2012 :
Statement of responsibility, etc edited by S.P. Mukherjee, Ananya Kanjilal [and] Sabnam Sengupta
Remainder of title 45th annual convention of operational research society of India /
260 ## - PUBLICATION, DISTRIBUTION, ETC. (IMPRINT)
Place of publication, distribution, etc New Delhi
Name of publisher, distributor, etc Allied Publishers
Date of publication, distribution, etc 2012
270 ## - ADDRESS
Address 1/13-14 Asaf Ali Road,
City New Delhi
Postal code 110002
300 ## - PHYSICAL DESCRIPTION
Extent x,230p. :
Dimensions 28cm(pbk)
Other physical details ill.
500 ## - GENERAL NOTE
General note Includes index
700 ## - ADDED ENTRY--PERSONAL NAME
Personal name Mukherjee, S.P.
700 ## - ADDED ENTRY--PERSONAL NAME
Personal name Kanjilal, Ananya
700 ## - ADDED ENTRY--PERSONAL NAME
Personal name Sengupta, Sabnam
942 ## - ADDED ENTRY ELEMENTS (KOHA)
Source of classification or shelving scheme Dewey Decimal Classification
Item type English Books
Call number suffix PRO
Classification part 005.7565
Holdings
Withdrawn status Lost status Not for loan Collection code Home library Current library Date acquired Source of acquisition Cost, normal purchase price Full call number Barcode Copy number Cost, replacement price Koha item type
    Not For Loan Non-fiction D.B.Act.Division D.B.Act.Division 17/07/2013 DBAD/PUB 750.00 005.7565 PRO EN-91606 1 750.00 English Books

© Delhi Public Library
Hit Counter
free hit counter